[Event "CRO-ch U15"]
[Site "Trogir"]
[Date "2020.08.29"]
[Round "9"]
[White "Cubric, Andrija"]
[Black "Friedrich, Josip"]
[Result "1/2-1/2"]
[WhiteElo "1583"]
[BlackElo "1293"]
[PlyCount "87"]
[EventDate "2020.08.24"]
[EventType "swiss"]
[EventRounds "9"]
[EventCountry "CRO"]
[SourceTitle "CBM 198 Extra"]
[Source "ChessBase"]
[SourceDate "2020.11.30"]
[SourceVersion "1"]
[SourceVersionDate "2020.11.30"]
[SourceQuality "1"]

1. d4 d5 2. c4 e6 3. Nf3 Nf6 4. g3 c6 5. Bg2 Bd6 6. 0-0 0-0 7. Qc2 Nbd7 8. Nc3 b6 9. e4 dxe4 10. Nxe4 Nxe4 11. Qxe4 Bb7 12. Ng5 Nf6 13. Qe2 h6 14. Ne4 Be7 15. Rd1 Nxe4 16. Qxe4 Qc7 17. Bf4 Bd6 18. Be5 Rfd8 19. f4 Rd7 20. Rd3 Rad8 21. Rad1 Bxe5 22. dxe5 Rxd3 23. Rxd3 Rxd3 24. Qxd3 c5 25. Qd6 Qc8 26. Bf1 Bc6 27. Bd3 Be8 28. Be4 Qd7 29. Qxd7 Bxd7 30. Kf2 Kf8 31. Ke3 Ke7 32. g4 f6 33. h4 fxe5 34. fxe5 Be8 35. Kf4 Bf7 36. g5 Kf8 37. Kg4 Kg8 38. h5 Kf8 39. a3 Ke7 40. b3 a5 41. Bc2 Be8 42. Be4 Kd8 43. a4 Ke7 44. g6 1/2-1/2

[Event "CRO-ch U15"]
[Site "Trogir"]
[Date "2019.06.17"]
[Round "1"]
[White "Dumancic, Simun"]
[Black "Friedrich, Josip"]
[Result "1-0"]
[WhiteElo "1836"]
[BlackElo "1339"]
[PlyCount "79"]
[EventDate "2019.06.17"]
[EventType "swiss"]
[EventRounds "9"]
[EventCountry "CRO"]
[SourceTitle "EXT 2020"]
[Source "ChessBase"]
[SourceDate "2019.10.17"]
[SourceVersion "1"]
[SourceVersionDate "2019.10.17"]
[SourceQuality "1"]

1. e4 e5 2. Nc3 Nc6 3. Bc4 Nf6 4. d3 Bc5 5. Nf3 d6 6. h3 0-0 7. 0-0 Qe7 8. Bg5 Be6 9. Nd5 Bxd5 10. Bxd5 h6 11. Bh4 Rab8 12. c3 Nd8 13. d4 Bb6 14. Re1 Nc6 15. Bxc6 bxc6 16. dxe5 dxe5 17. Qa4 Qe6 18. Rad1 Rbd8 19. Bg3 Rxd1 20. Rxd1 Nd7 21. b4 Qc4 22. Rxd7 f6 23. Qb3 Qxb3 24. axb3 Rc8 25. Nh4 Kf8 26. Ng6+ Ke8 27. Rxg7 c5 28. Re7+ Kd8 29. b5 c6 30. Bh4 cxb5 31. Bxf6 Rc6 32. Re6+ Kd7 33. Rxc6 Kxc6 34. Bxe5 Ba5 35. f4 Bd8 36. f5 c4 37. b4 a5 38. bxa5 b4 39. cxb4 Kb5 40. f6 1-0